[Event "IM/GM Round-Robin"]
[Site "Heerlen and Maastricht, NL"]
[Date "2024.05.18"]
[Round "5"]
[White "Van Meegen, Ruud"]
[Black "Fier, Alexandr"]
[Result "0-1"]
[Board "5"]
[WhiteFideId "1034995"]
[BlackFideId "2107139"]
[WhiteTitle "FM"]
[BlackTitle "GM"]
[WhiteElo "2291"]
[BlackElo "2574"]
[WhiteTeam "NED"]
[BlackTeam "BRA"]
[WhiteClock "0:05:45"]
[BlackClock "1:19:07"]
[Variant "Standard"]

1. Nf3 {[%clk 2:00:27]}  Nf6 {[%clk 2:00:25]} 2. g3 {[%clk 2:00:36]}  b6 {[%clk 2:00:37]} 3. Bg2 {[%clk 2:00:42]}  Bb7 {[%clk 2:00:49]} 4. O-O {[%clk 2:00:47]}  c5 {[%clk 2:01:01]} 5. c4 {[%clk 2:00:25]}  e6 {[%clk 2:01:11]} 6. Nc3 {[%clk 1:59:19]}  a6 {[%clk 2:01:22]} 7. d4 {[%clk 1:57:57]}  cxd4 {[%clk 2:01:31]} 8. Qxd4 {[%clk 1:58:07]}  d6 {[%clk 2:01:43]} 9. Bg5 {[%clk 1:56:46]}  Nbd7 {[%clk 2:01:52]} 10. Rfd1 {[%clk 1:46:24]}  Be7 {[%clk 2:00:36]} 11. Nd2 {[%clk 1:42:31]}  Bxg2 {[%clk 1:58:29]} 12. Kxg2 {[%clk 1:42:41]}  Rc8 {[%clk 1:58:11]} 13. Nde4 {[%clk 1:40:16]}  Rc6 {[%clk 1:58:11]} 14. Nxf6+ {[%clk 1:35:59]}  gxf6 {[%clk 1:54:29]} 15. Bh6 {[%clk 1:34:25]}  Qc7 {[%clk 1:52:49]} 16. b3 {[%clk 1:06:26]}  b5 {[%clk 1:51:45]} 17. cxb5 {[%clk 1:00:43]}  Rxc3 {[%clk 1:49:28]} 18. bxa6 {[%clk 1:00:44]}  Rc5 {[%clk 1:49:19]} 19. b4 {[%clk 0:58:45]}  Rc4 {[%clk 1:48:09]} 20. Rdc1 {[%clk 0:55:32]}  Qc6+ {[%clk 1:47:29]} 21. Kg1 {[%clk 0:53:26]}  Rxc1+ {[%clk 1:47:40]} 22. Rxc1 {[%clk 0:53:35]}  Qxa6 {[%clk 1:47:53]} 23. Rc7 {[%clk 0:49:02]}  Qxa2 {[%clk 1:36:49]} 24. Rc8+ {[%clk 0:46:42]}  Bd8 {[%clk 1:36:58]} 25. Qxd6 {[%clk 0:30:26]}  Qd5 {[%clk 1:33:54]} 26. Qa6 {[%clk 0:25:26]}  Ke7 {[%clk 1:28:00]} 27. b5 {[%clk 0:22:18]}  Re8 {[%clk 1:25:49]} 28. Be3 {[%clk 0:20:07]}  Kf8 {[%clk 1:25:27]} 29. b6 {[%clk 0:18:36]}  Qd6 {[%clk 1:25:23]} 30. Bh6+ {[%clk 0:09:36]}  Ke7 {[%clk 1:22:07]} 31. Bc1 {[%clk 0:09:44]}  Bxb6 {[%clk 1:18:51]} 32. Ba3 {[%clk 0:09:54]}  Nc5 {[%clk 1:19:03]} 33. e3 {[%clk 0:05:52]}  Nxa6 {[%clk 1:18:55]} 34. Bxd6+ {[%clk 0:05:45]}  Kd7 {[%clk 1:19:07]} 0-1

[Event "IM/GM Round-Robin"]
[Site "Heerlen and Maastricht, NL"]
[Date "2024.05.18"]
[Round "6"]
[White "Lodici, Lorenzo"]
[Black "Fier, Alexandr"]
[Result "1/2-1/2"]
[Board "1"]
[WhiteFideId "884189"]
[BlackFideId "2107139"]
[WhiteTitle "GM"]
[BlackTitle "GM"]
[WhiteElo "2563"]
[BlackElo "2574"]
[WhiteTeam "ITA"]
[BlackTeam "BRA"]
[WhiteClock "0:12:00"]
[BlackClock "0:34:02"]
[Variant "Standard"]

1. e4 {[%clk 1:57:04]}  c5 {[%clk 2:00:28]} 2. Nf3 {[%clk 1:57:15]}  Nc6 {[%clk 1:59:58]} 3. d4 {[%clk 1:57:25]}  cxd4 {[%clk 2:00:09]} 4. Nxd4 {[%clk 1:57:35]}  Nf6 {[%clk 2:00:20]} 5. Nc3 {[%clk 1:57:45]}  d6 {[%clk 2:00:29]} 6. Bg5 {[%clk 1:57:56]}  e6 {[%clk 2:00:40]} 7. Bb5 {[%clk 1:58:07]}  Bd7 {[%clk 2:00:51]} 8. Qd3 {[%clk 1:58:18]}  Qb6 {[%clk 2:01:03]} 9. Bxf6 {[%clk 1:57:44]}  gxf6 {[%clk 2:01:13]} 10. Bxc6 {[%clk 1:56:45]}  bxc6 {[%clk 1:59:28]} 11. O-O {[%clk 1:56:20]}  Be7 {[%clk 1:58:48]} 12. Kh1 {[%clk 1:55:18]}  O-O {[%clk 1:57:41]} 13. f4 {[%clk 1:40:23]}  Kh8 {[%clk 1:57:51]} 14. Nb3 {[%clk 1:38:23]}  c5 {[%clk 1:54:44]} 15. Nd2 {[%clk 1:37:03]}  Rad8 {[%clk 1:54:26]} 16. Nc4 {[%clk 1:37:07]}  Qa6 {[%clk 1:54:05]} 17. Rad1 {[%clk 1:33:13]}  Bc6 {[%clk 1:49:33]} 18. Ne3 {[%clk 1:26:31]}  Qxd3 {[%clk 1:48:56]} 19. Rxd3 {[%clk 1:26:41]}  f5 {[%clk 1:48:01]} 20. exf5 {[%clk 1:25:46]}  d5 {[%clk 1:48:09]} 21. fxe6 {[%clk 1:01:39]}  fxe6 {[%clk 1:47:52]} 22. Ne2 {[%clk 1:00:46]}  Rg8 {[%clk 1:39:51]} 23. Rf2 {[%clk 0:56:08]}  Bh4 {[%clk 1:33:57]} 24. Ng3 {[%clk 0:56:09]}  Bxg3 {[%clk 1:33:10]} 25. hxg3 {[%clk 0:56:19]}  Rxg3 {[%clk 1:33:22]} 26. Kh2 {[%clk 0:56:10]}  Rdg8 {[%clk 1:31:52]} 27. Nf1 {[%clk 0:54:41]}  R3g4 {[%clk 1:31:47]} 28. Rg3 {[%clk 0:53:20]}  Rxg3 {[%clk 1:30:06]} 29. Nxg3 {[%clk 0:53:33]}  Kg7 {[%clk 1:30:14]} 30. Re2 {[%clk 0:45:32]}  Kf7 {[%clk 1:26:13]} 31. Re5 {[%clk 0:45:13]}  Rg4 {[%clk 1:25:06]} 32. Ne2 {[%clk 0:41:16]}  Kf6 {[%clk 1:22:10]} 33. g3 {[%clk 0:41:14]}  Rg7 {[%clk 1:19:12]} 34. Ng1 {[%clk 0:38:43]}  Rb7 {[%clk 1:18:25]} 35. b3 {[%clk 0:38:57]}  Be8 {[%clk 1:18:25]} 36. Nf3 {[%clk 0:36:14]}  Bg6 {[%clk 1:18:35]} 37. Re2 {[%clk 0:36:24]}  h5 {[%clk 1:18:47]} 38. Kg1 {[%clk 0:34:37]}  a5 {[%clk 1:18:57]} 39. Ne5 {[%clk 0:26:56]}  Bf5 {[%clk 1:18:08]} 40. Kf2 {[%clk 0:25:03]}  a4 {[%clk 1:18:05]} 41. Ke3 {[%clk 0:24:30]}  Rg7 {[%clk 1:18:11]} 42. Kf2 {[%clk 0:24:30]}  a3 {[%clk 1:18:15]} 43. Nd3 {[%clk 0:23:21]}  Rc7 {[%clk 1:16:15]} 44. Ne5 {[%clk 0:23:35]}  Be4 {[%clk 1:15:54]} 45. Nc4 {[%clk 0:22:35]}  Bg6 {[%clk 1:09:55]} 46. Ne5 {[%clk 0:22:03]}  Bf5 {[%clk 1:09:55]} 47. Ke3 {[%clk 0:22:17]}  Rg7 {[%clk 1:08:17]} 48. Kf2 {[%clk 0:22:31]}  Ke7 {[%clk 1:08:13]} 49. Nf3 {[%clk 0:21:14]}  Kd6 {[%clk 1:07:56]} 50. Rd2 {[%clk 0:21:11]}  Kc6 {[%clk 1:07:22]} 51. Ne5+ {[%clk 0:20:02]}  Kb5 {[%clk 1:07:04]} 52. c4+ {[%clk 0:18:37]}  Kb4 {[%clk 1:01:33]} 53. cxd5 {[%clk 0:17:06]}  exd5 {[%clk 1:01:45]} 54. Rxd5 {[%clk 0:16:59]}  Bb1 {[%clk 1:01:57]} 55. Rd2 {[%clk 0:10:44]}  Kc3 {[%clk 0:57:37]} 56. Nc4 {[%clk 0:10:58]}  Bd3 {[%clk 0:57:03]} 57. Rd1 {[%clk 0:11:12]}  Bxc4 {[%clk 0:56:26]} 58. Rc1+ {[%clk 0:11:27]}  Kb2 {[%clk 0:56:12]} 59. Rxc4 {[%clk 0:11:40]}  Kxa2 {[%clk 0:38:37]} 60. Rxc5 {[%clk 0:11:52]}  Ra7 {[%clk 0:38:49]} 61. Rxh5 {[%clk 0:11:50]}  Kxb3 {[%clk 0:39:01]} 62. Rb5+ {[%clk 0:10:48]}  Kc4 {[%clk 0:39:13]} 63. Rb1 {[%clk 0:11:00]}  a2 {[%clk 0:39:25]} 64. Ra1 {[%clk 0:11:11]}  Kb3 {[%clk 0:39:39]} 65. g4 {[%clk 0:11:15]}  Kb2 {[%clk 0:39:51]} 66. Rxa2+ {[%clk 0:11:18]}  Rxa2 {[%clk 0:40:03]} 67. Ke3 {[%clk 0:11:28]}  Kc3 {[%clk 0:40:15]} 68. g5 {[%clk 0:11:19]}  Kc4 {[%clk 0:36:06]} 69. Ke4 {[%clk 0:11:27]}  Kc5 {[%clk 0:36:19]} 70. Ke5 {[%clk 0:11:32]}  Kc6 {[%clk 0:36:21]} 71. Ke6 {[%clk 0:11:09]}  Re2 {[%clk 0:35:21]} 72. Kf7 {[%clk 0:11:20]}  Kd7 {[%clk 0:33:13]} 73. g6 {[%clk 0:11:31]}  Rf2 {[%clk 0:33:25]} 74. g7 {[%clk 0:11:41]}  Rxf4 {[%clk 0:33:38]} 75. Kg6 {[%clk 0:11:52]}  Rg4+ {[%clk 0:33:49]} 76. Kf7 {[%clk 0:12:00]}  Rxg7 {[%clk 0:34:02]} 1/2-1/2

[Event "IM/GM Round-Robin"]
[Site "Heerlen and Maastricht, NL"]
[Date "2024.05.18"]
[Round "6"]
[White "Ernst, Sipke"]
[Black "Van Meegen, Ruud"]
[Result "1-0"]
[Board "2"]
[WhiteFideId "1004689"]
[BlackFideId "1034995"]
[WhiteTitle "GM"]
[BlackTitle "FM"]
[WhiteElo "2528"]
[BlackElo "2291"]
[WhiteTeam "NED"]
[BlackTeam "NED"]
[WhiteClock "0:05:40"]
[BlackClock "0:00:44"]
[Variant "Standard"]

1. Nf3 {[%clk 2:00:24]}  d5 {[%clk 2:00:21]} 2. c4 {[%clk 2:00:12]}  e6 {[%clk 2:00:11]} 3. g3 {[%clk 1:59:45]}  Nf6 {[%clk 2:00:14]} 4. Bg2 {[%clk 1:59:29]}  Be7 {[%clk 2:00:20]} 5. d4 {[%clk 1:58:07]}  O-O {[%clk 2:00:13]} 6. Nc3 {[%clk 1:58:20]}  dxc4 {[%clk 1:55:52]} 7. Ne5 {[%clk 1:58:31]}  c5 {[%clk 1:52:03]} 8. dxc5 {[%clk 1:56:01]}  Qxd1+ {[%clk 1:51:46]} 9. Nxd1 {[%clk 1:56:12]}  Bxc5 {[%clk 1:51:46]} 10. Nxc4 {[%clk 1:56:22]}  Nc6 {[%clk 1:39:24]} 11. Nc3 {[%clk 1:42:32]}  Bd7 {[%clk 1:28:50]} 12. Bf4 {[%clk 1:41:29]}  e5 {[%clk 1:07:25]} 13. Be3 {[%clk 1:41:04]}  Bxe3 {[%clk 1:04:56]} 14. Nxe3 {[%clk 1:38:39]}  Nd4 {[%clk 1:03:30]} 15. Rc1 {[%clk 1:29:33]}  Bc6 {[%clk 1:00:03]} 16. Bxc6 {[%clk 1:29:41]}  Nxc6 {[%clk 1:00:14]} 17. f3 {[%clk 1:25:53]}  Rfd8 {[%clk 0:59:11]} 18. g4 {[%clk 1:25:07]}  Rac8 {[%clk 0:54:52]} 19. g5 {[%clk 1:22:58]}  Ne8 {[%clk 0:54:07]} 20. Kf2 {[%clk 1:16:08]}  Kf8 {[%clk 0:52:00]} 21. h4 {[%clk 1:11:08]}  Nc7 {[%clk 0:43:14]} 22. Ne4 {[%clk 1:07:59]}  Ne8 {[%clk 0:38:17]} 23. Nf5 {[%clk 0:58:14]}  Ne7 {[%clk 0:34:11]} 24. Ne3 {[%clk 0:58:09]}  Nd6 {[%clk 0:32:54]} 25. Nxd6 {[%clk 0:55:54]}  Rxd6 {[%clk 0:27:35]} 26. Rxc8+ {[%clk 0:56:03]}  Nxc8 {[%clk 0:27:46]} 27. Rc1 {[%clk 0:56:14]}  Nb6 {[%clk 0:26:43]} 28. Rc7 {[%clk 0:49:03]}  Rd7 {[%clk 0:26:26]} 29. Rc5 {[%clk 0:49:12]}  f6 {[%clk 0:25:02]} 30. gxf6 {[%clk 0:48:51]}  gxf6 {[%clk 0:25:11]} 31. b3 {[%clk 0:48:15]}  Kf7 {[%clk 0:24:54]} 32. Nf5 {[%clk 0:45:50]}  Nd5 {[%clk 0:24:20]} 33. Rc8 {[%clk 0:43:13]}  Ne7 {[%clk 0:22:19]} 34. Nxe7 {[%clk 0:43:23]}  Rxe7 {[%clk 0:19:40]} 35. e4 {[%clk 0:43:25]}  Kg6 {[%clk 0:19:01]} 36. Kg3 {[%clk 0:42:20]}  f5 {[%clk 0:17:59]} 37. Rg8+ {[%clk 0:40:01]}  Kf7 {[%clk 0:18:03]} 38. Rg5 {[%clk 0:26:25]}  fxe4 {[%clk 0:18:08]} 39. fxe4 {[%clk 0:26:37]}  Kf6 {[%clk 0:06:54]} 40. Rf5+ {[%clk 0:26:07]}  Ke6 {[%clk 0:06:58]} 41. Rh5 {[%clk 0:26:14]}  Rg7+ {[%clk 0:05:43]} 42. Kf3 {[%clk 0:26:13]}  Kd6 {[%clk 0:04:32]} 43. b4 {[%clk 0:26:13]}  Rf7+ {[%clk 0:03:56]} 44. Ke3 {[%clk 0:25:45]}  Rg7 {[%clk 0:02:21]} 45. Rh6+ {[%clk 0:19:04]}  Kd7 {[%clk 0:02:33]} 46. a4 {[%clk 0:15:23]}  Rg3+ {[%clk 0:02:12]} 47. Kf2 {[%clk 0:15:34]}  Ra3 {[%clk 0:02:18]} 48. Rxh7+ {[%clk 0:15:38]}  Kc6 {[%clk 0:02:20]} 49. b5+ {[%clk 0:12:53]}  Kc5 {[%clk 0:02:31]} 50. Rxb7 {[%clk 0:12:01]}  Rxa4 {[%clk 0:02:40]} 51. Kf3 {[%clk 0:12:06]}  Ra3+ {[%clk 0:02:07]} 52. Kg4 {[%clk 0:10:19]}  Kd4 {[%clk 0:02:19]} 53. h5 {[%clk 0:07:22]}  Kxe4 {[%clk 0:02:24]} 54. h6 {[%clk 0:07:34]}  Ra1 {[%clk 0:02:34]} 55. h7 {[%clk 0:07:01]}  Rh1 {[%clk 0:01:31]} 56. Rxa7 {[%clk 0:05:40]}  Kd5 {[%clk 0:00:44]} 1-0

[Event "IM/GM Round-Robin"]
[Site "Heerlen and Maastricht, NL"]
[Date "2024.05.18"]
[Round "6"]
[White "Kramer, Julian"]
[Black "De Winter, Arthur"]
[Result "1/2-1/2"]
[Board "3"]
[WhiteFideId "12921742"]
[BlackFideId "1069020"]
[WhiteTitle "IM"]
[BlackTitle "IM"]
[WhiteElo "2479"]
[BlackElo "2407"]
[WhiteTeam "GER"]
[BlackTeam "NED"]
[WhiteClock "0:00:57"]
[BlackClock "0:01:56"]
[Variant "Standard"]

1. e4 {[%clk 2:00:26]}  c5 {[%clk 2:00:26]} 2. Nf3 {[%clk 2:00:36]}  d6 {[%clk 2:00:38]} 3. d4 {[%clk 2:00:46]}  cxd4 {[%clk 2:00:50]} 4. Nxd4 {[%clk 2:00:56]}  Nf6 {[%clk 2:01:02]} 5. Bd3 {[%clk 2:01:07]}  Nc6 {[%clk 1:59:07]} 6. Nxc6 {[%clk 2:01:16]}  bxc6 {[%clk 1:59:18]} 7. O-O {[%clk 2:01:27]}  g6 {[%clk 1:56:15]} 8. b3 {[%clk 2:01:36]}  Bg7 {[%clk 1:55:51]} 9. Bb2 {[%clk 2:01:47]}  O-O {[%clk 1:55:16]} 10. Qe2 {[%clk 1:55:17]}  Nh5 {[%clk 1:45:53]} 11. Bxg7 {[%clk 1:55:06]}  Kxg7 {[%clk 1:46:05]} 12. Qd2 {[%clk 1:39:33]}  e5 {[%clk 1:42:21]} 13. Nc3 {[%clk 1:25:41]}  Be6 {[%clk 1:25:35]} 14. Rad1 {[%clk 1:20:20]}  Qf6 {[%clk 1:10:12]} 15. Ne2 {[%clk 1:12:37]}  Nf4 {[%clk 0:59:40]} 16. Nxf4 {[%clk 1:10:28]}  exf4 {[%clk 0:59:46]} 17. Be2 {[%clk 1:09:27]}  Rfd8 {[%clk 0:56:48]} 18. Ba6 {[%clk 0:53:11]}  Rab8 {[%clk 0:55:37]} 19. Rfe1 {[%clk 0:52:48]}  Qe5 {[%clk 0:49:24]} 20. Qe2 {[%clk 0:47:58]}  Rb4 {[%clk 0:47:42]} 21. c3 {[%clk 0:44:42]}  Qxc3 {[%clk 0:43:52]} 22. Rc1 {[%clk 0:44:51]}  Qe5 {[%clk 0:42:03]} 23. Rxc6 {[%clk 0:45:03]}  g5 {[%clk 0:38:28]} 24. f3 {[%clk 0:42:30]}  Rb6 {[%clk 0:37:48]} 25. Rxb6 {[%clk 0:39:02]}  axb6 {[%clk 0:37:51]} 26. Qd2 {[%clk 0:38:23]}  Rd7 {[%clk 0:32:15]} 27. Rc1 {[%clk 0:31:12]}  Ra7 {[%clk 0:30:01]} 28. Be2 {[%clk 0:30:39]}  Kf6 {[%clk 0:24:58]} 29. Kf1 {[%clk 0:27:12]}  b5 {[%clk 0:21:57]} 30. Bd3 {[%clk 0:22:21]}  Qd4 {[%clk 0:20:27]} 31. Ke2 {[%clk 0:20:57]}  g4 {[%clk 0:17:31]} 32. Qxf4+ {[%clk 0:20:02]}  Kg7 {[%clk 0:16:44]} 33. Bb1 {[%clk 0:19:16]}  Qb2+ {[%clk 0:07:14]} 34. Qd2 {[%clk 0:19:09]}  gxf3+ {[%clk 0:07:09]} 35. gxf3 {[%clk 0:19:18]}  Qe5 {[%clk 0:07:22]} 36. Qc3 {[%clk 0:17:50]}  b4 {[%clk 0:07:35]} 37. Qxe5+ {[%clk 0:17:34]}  dxe5 {[%clk 0:07:47]} 38. Rc5 {[%clk 0:16:04]}  Kf6 {[%clk 0:08:00]} 39. Rb5 {[%clk 0:15:37]}  Rc7 {[%clk 0:08:13]} 40. Kd2 {[%clk 0:14:55]}  Rd7+ {[%clk 0:08:25]} 41. Bd3 {[%clk 0:15:05]}  Ra7 {[%clk 0:08:38]} 42. Bb1 {[%clk 0:11:22]}  Rd7+ {[%clk 0:08:47]} 43. Kc1 {[%clk 0:09:41]}  Rc7+ {[%clk 0:08:56]} 44. Bc2 {[%clk 0:09:12]}  Rc3 {[%clk 0:08:49]} 45. Rxb4 {[%clk 0:09:23]}  Rxf3 {[%clk 0:09:01]} 46. a4 {[%clk 0:09:34]}  Ke7 {[%clk 0:05:09]} 47. a5 {[%clk 0:09:42]}  Bc8 {[%clk 0:05:06]} 48. Rb6 {[%clk 0:09:22]}  Kd7 {[%clk 0:05:05]} 49. Rh6 {[%clk 0:06:17]}  Rf1+ {[%clk 0:04:58]} 50. Kb2 {[%clk 0:06:24]}  Rf2 {[%clk 0:05:10]} 51. Kc3 {[%clk 0:06:06]}  Bb7 {[%clk 0:04:52]} 52. b4 {[%clk 0:05:13]}  Bc6 {[%clk 0:03:33]} 53. a6 {[%clk 0:04:41]}  Kc7 {[%clk 0:03:43]} 54. a7 {[%clk 0:03:19]}  f6 {[%clk 0:03:52]} 55. b5 {[%clk 0:02:35]}  Ba8 {[%clk 0:04:00]} 56. Rxh7+ {[%clk 0:02:32]}  Kb6 {[%clk 0:04:14]} 57. Bd3 {[%clk 0:02:42]}  Rf3 {[%clk 0:03:49]} 58. Kd2 {[%clk 0:02:38]}  Bb7 {[%clk 0:03:26]} 59. h4 {[%clk 0:02:02]}  Kxa7 {[%clk 0:03:38]} 60. h5 {[%clk 0:02:15]}  Rh3 {[%clk 0:02:32]} 61. h6 {[%clk 0:02:27]}  Kb6 {[%clk 0:02:29]} 62. Rh8 {[%clk 0:02:39]}  Rh2+ {[%clk 0:02:09]} 63. Kc3 {[%clk 0:02:08]}  Rh3 {[%clk 0:02:16]} 64. Kc4 {[%clk 0:01:57]}  Rh4 {[%clk 0:02:16]} 65. h7 {[%clk 0:02:11]}  f5 {[%clk 0:02:09]} 66. Rf8 {[%clk 0:01:51]}  fxe4 {[%clk 0:01:32]} 67. h8=Q {[%clk 0:01:03]}  Rxh8 {[%clk 0:01:45]} 68. Rxh8 {[%clk 0:01:15]}  exd3 {[%clk 0:01:59]} 69. Kb4 {[%clk 0:00:53]}  e4 {[%clk 0:01:40]} 70. Rh6+ {[%clk 0:01:05]}  Kc7 {[%clk 0:01:48]} 71. Kc3 {[%clk 0:00:59]}  Bd5 {[%clk 0:01:52]} 72. Rh3 {[%clk 0:00:48]}  Kb6 {[%clk 0:01:46]} 73. Rxd3 {[%clk 0:00:43]}  exd3 {[%clk 0:01:59]} 74. Kxd3 {[%clk 0:00:57]}  Kxb5 {[%clk 0:01:56]} 1/2-1/2

[Event "IM/GM Round-Robin"]
[Site "Heerlen and Maastricht, NL"]
[Date "2024.05.18"]
[Round "6"]
[White "Van Dael, Siem"]
[Black "Feuerstack, Aljoscha"]
[Result "0-1"]
[Board "4"]
[WhiteFideId "1049771"]
[BlackFideId "4681932"]
[WhiteTitle "FM"]
[BlackTitle "IM"]
[WhiteElo "2275"]
[BlackElo "2487"]
[WhiteTeam "NED"]
[BlackTeam "GER"]
[WhiteClock "0:00:21"]
[BlackClock "0:03:12"]
[Variant "Standard"]

1. e4 {[%clk 2:00:27]}  c6 {[%clk 2:00:25]} 2. d4 {[%clk 2:00:33]}  d5 {[%clk 2:00:36]} 3. e5 {[%clk 2:00:43]}  c5 {[%clk 2:00:36]} 4. dxc5 {[%clk 2:00:48]}  e6 {[%clk 2:00:34]} 5. a3 {[%clk 1:59:07]}  Bxc5 {[%clk 2:00:33]} 6. b4 {[%clk 1:58:52]}  Be7 {[%clk 1:56:52]} 7. Qg4 {[%clk 1:58:14]}  g6 {[%clk 1:56:38]} 8. Bd3 {[%clk 1:57:00]}  Nd7 {[%clk 1:54:27]} 9. Bb2 {[%clk 1:52:36]}  a5 {[%clk 1:49:55]} 10. b5 {[%clk 1:48:11]}  Nh6 {[%clk 1:45:37]} 11. Qe2 {[%clk 1:42:30]}  Nc5 {[%clk 1:39:06]} 12. Nf3 {[%clk 1:41:54]}  a4 {[%clk 1:32:24]} 13. Nbd2 {[%clk 1:41:19]}  Bd7 {[%clk 1:30:30]} 14. O-O {[%clk 1:40:22]}  Nxd3 {[%clk 1:24:55]} 15. Qxd3 {[%clk 1:29:59]}  O-O {[%clk 1:22:35]} 16. Nd4 {[%clk 1:28:12]}  Rc8 {[%clk 1:17:16]} 17. Rfe1 {[%clk 1:15:45]}  Nf5 {[%clk 1:10:37]} 18. Nxf5 {[%clk 1:12:34]}  gxf5 {[%clk 1:09:28]} 19. Nf3 {[%clk 1:11:50]}  Rc4 {[%clk 0:44:27]} 20. Nd4 {[%clk 1:09:57]}  Bc5 {[%clk 0:40:48]} 21. Re3 {[%clk 0:48:40]}  Qh4 {[%clk 0:29:32]} 22. Rg3+ {[%clk 0:34:21]}  Kh8 {[%clk 0:28:47]} 23. Nxf5 {[%clk 0:34:28]}  Qe4 {[%clk 0:24:32]} 24. Nd6 {[%clk 0:27:01]}  Bxf2+ {[%clk 0:21:24]} 25. Kf1 {[%clk 0:23:15]}  Qxd3+ {[%clk 0:20:51]} 26. cxd3 {[%clk 0:23:06]}  Rc2 {[%clk 0:19:39]} 27. Rf3 {[%clk 0:21:40]}  Rxb2 {[%clk 0:12:38]} 28. Rxf2 {[%clk 0:21:35]}  Rb3 {[%clk 0:12:29]} 29. Nxb7 {[%clk 0:12:30]}  Bxb5 {[%clk 0:08:09]} 30. Nc5 {[%clk 0:11:40]}  Rc3 {[%clk 0:08:19]} 31. Nxe6 {[%clk 0:09:34]}  Bxd3+ {[%clk 0:08:29]} 32. Ke1 {[%clk 0:09:45]}  Re8 {[%clk 0:08:29]} 33. Nd4 {[%clk 0:09:30]}  Rc4 {[%clk 0:07:23]} 34. Nf3 {[%clk 0:04:18]}  f6 {[%clk 0:07:11]} 35. Rd2 {[%clk 0:00:29]}  Be4 {[%clk 0:07:08]} 36. e6 {[%clk 0:00:18]}  Rxe6 {[%clk 0:07:08]} 37. Kf2 {[%clk 0:00:32]}  Rb6 {[%clk 0:06:28]} 38. Nd4 {[%clk 0:00:26]}  Rc3 {[%clk 0:05:59]} 39. g3 {[%clk 0:00:23]}  f5 {[%clk 0:05:57]} 40. Kg1 {[%clk 0:00:16]}  Kg7 {[%clk 0:04:25]} 41. Ne2 {[%clk 0:00:17]}  Rc4 {[%clk 0:04:04]} 42. Nf4 {[%clk 0:00:28]}  Rd6 {[%clk 0:03:21]} 43. Rad1 {[%clk 0:00:35]}  Bf3 {[%clk 0:03:27]} 44. Rb1 {[%clk 0:00:24]}  d4 {[%clk 0:03:25]} 45. Kf2 {[%clk 0:00:18]}  Be4 {[%clk 0:03:28]} 46. Rbd1 {[%clk 0:00:30]}  Kf6 {[%clk 0:03:37]} 47. Rb2 {[%clk 0:00:18]}  Rc3 {[%clk 0:02:47]} 48. Rb4 {[%clk 0:00:21]}  Rc2+ {[%clk 0:02:47]} 49. Kf1 {[%clk 0:00:17]}  d3 {[%clk 0:02:54]} 50. Rxa4 {[%clk 0:00:17]}  Rxh2 {[%clk 0:02:59]} 51. Kg1 {[%clk 0:00:21]}  Rh1+ {[%clk 0:03:12]} 0-1

[Event "IM/GM Round-Robin"]
[Site "Heerlen and Maastricht, NL"]
[Date "2024.05.18"]
[Round "6"]
[White "Vandenbussche, Thibaut"]
[Black "Pham, Khoi"]
[Result "1-0"]
[Board "5"]
[WhiteFideId "204412"]
[BlackFideId "1054988"]
[WhiteTitle "IM"]
[BlackTitle "FM"]
[WhiteElo "2424"]
[BlackElo "2399"]
[WhiteTeam "BEL"]
[BlackTeam "NED"]
[WhiteClock "0:23:09"]
[BlackClock "0:08:02"]
[Variant "Standard"]

1. e4 {[%clk 2:00:28]}  e5 {[%clk 2:00:25]} 2. Nf3 {[%clk 2:00:39]}  Nc6 {[%clk 2:00:36]} 3. Nc3 {[%clk 2:00:46]}  Nf6 {[%clk 2:00:40]} 4. Bb5 {[%clk 2:00:54]}  Nd4 {[%clk 2:00:04]} 5. O-O {[%clk 2:00:39]}  c6 {[%clk 1:59:44]} 6. Bc4 {[%clk 2:00:22]}  Nxf3+ {[%clk 1:58:55]} 7. Qxf3 {[%clk 2:00:31]}  d6 {[%clk 1:57:17]} 8. h3 {[%clk 1:57:28]}  g6 {[%clk 1:55:48]} 9. Rd1 {[%clk 1:54:19]}  Bg7 {[%clk 1:52:15]} 10. d4 {[%clk 1:54:23]}  exd4 {[%clk 1:49:36]} 11. Rxd4 {[%clk 1:54:09]}  O-O {[%clk 1:49:29]} 12. Bg5 {[%clk 1:48:11]}  h6 {[%clk 1:41:27]} 13. Bh4 {[%clk 1:43:43]}  g5 {[%clk 1:34:19]} 14. Bg3 {[%clk 1:43:56]}  Ne8 {[%clk 1:29:21]} 15. Rd2 {[%clk 1:40:51]}  Be6 {[%clk 1:28:33]} 16. Bb3 {[%clk 1:40:41]}  Qe7 {[%clk 1:26:58]} 17. Rad1 {[%clk 1:40:17]}  Rd8 {[%clk 1:25:59]} 18. Qe3 {[%clk 1:36:18]}  Bxb3 {[%clk 1:07:50]} 19. axb3 {[%clk 1:36:03]}  f5 {[%clk 1:07:17]} 20. exf5 {[%clk 1:30:46]}  Qxe3 {[%clk 1:06:52]} 21. fxe3 {[%clk 1:30:59]}  Rxf5 {[%clk 1:06:59]} 22. Bxd6 {[%clk 1:28:20]}  Nxd6 {[%clk 1:06:50]} 23. Rxd6 {[%clk 1:28:21]}  Rxd6 {[%clk 1:05:43]} 24. Rxd6 {[%clk 1:28:34]}  a5 {[%clk 1:04:22]} 25. Rd8+ {[%clk 1:22:20]}  Kh7 {[%clk 1:03:47]} 26. Ne4 {[%clk 1:16:01]}  b5 {[%clk 0:58:25]} 27. Rd7 {[%clk 1:10:09]}  Re5 {[%clk 0:46:50]} 28. Ng3 {[%clk 1:09:02]}  Kg8 {[%clk 0:44:48]} 29. c3 {[%clk 1:05:04]}  b4 {[%clk 0:39:54]} 30. cxb4 {[%clk 0:57:30]}  axb4 {[%clk 0:38:44]} 31. Rb7 {[%clk 0:57:41]}  c5 {[%clk 0:36:55]} 32. Kf2 {[%clk 0:44:16]}  Rd5 {[%clk 0:36:21]} 33. Ke2 {[%clk 0:44:22]}  Bxb2 {[%clk 0:35:54]} 34. Ne4 {[%clk 0:43:31]}  Bc3 {[%clk 0:11:45]} 35. Rc7 {[%clk 0:41:24]}  Rd8 {[%clk 0:11:28]} 36. Rxc5 {[%clk 0:40:27]}  Bg7 {[%clk 0:11:29]} 37. Rb5 {[%clk 0:34:48]}  Bc3 {[%clk 0:11:37]} 38. Rb7 {[%clk 0:28:47]}  Kf8 {[%clk 0:09:50]} 39. Rc7 {[%clk 0:27:23]}  Be5 {[%clk 0:08:57]} 40. Rc4 {[%clk 0:25:49]}  Rb8 {[%clk 0:08:56]} 41. Nc5 {[%clk 0:25:31]}  Ke7 {[%clk 0:08:18]} 42. Re4 {[%clk 0:25:26]}  Kd6 {[%clk 0:07:51]} 43. Rxe5 {[%clk 0:25:21]}  Rb5 {[%clk 0:07:55]} 44. Nd3 {[%clk 0:24:09]}  Rxe5 {[%clk 0:08:03]} 45. Nxe5 {[%clk 0:24:20]}  Kxe5 {[%clk 0:08:13]} 46. Kd3 {[%clk 0:24:01]}  h5 {[%clk 0:08:12]} 47. g3 {[%clk 0:23:20]}  Kd5 {[%clk 0:08:02]} 48. e4+ {[%clk 0:23:09]} 1-0